Los Orígenes políticos de la planificación costarricense /
Đã lưu trong:
| Tác giả chính: | |
|---|---|
| Định dạng: | Texto |
| Các nhãn: |
Thêm thẻ
Không có thẻ, Là người đầu tiên thẻ bản ghi này!
|
MARC
| LEADER | 00000 a a2200000 04500 | ||
|---|---|---|---|
| 001 | 56 | ||
| 003 | |||
| 040 | |||
| 100 | |a Masís Iverson, Daniel | ||
| 245 | |a Los Orígenes políticos de la planificación costarricense / |c Daniel Masís Iverson | ||
| 773 | |g número 2; páginas 125-141 | ||
| 999 | |c 32734 |d 32734 | ||
| 773 | 0 | |0 18806 |9 2147 |a Universidad Nacional de Costa Rica |d Heredia: C.R.: EUNA |o 02210 |t ABRA |x 14093928 | |
